समाज का कायाकल्प / (Record no. 1169)
[ view plain ]
| 000 -LEADER | |
|---|---|
| fixed length control field | 01389 a2200253 4500 |
| 005 - DATE AND TIME OF LATEST TRANSACTION | |
| control field | 20180601113205.0 |
| 010 ## - LCCN (DPL NO) | |
| LC control number | HIN-79050 राष्ट्रपति-2 B-694128 |
| 020 ## - INTERNATIONAL STANDARD BOOK NUMBER | |
| Terms of availability | 195.00 |
| International Standard Book Number | 8188529420 |
| 020 ## - INTERNATIONAL STANDARD BOOK NUMBER | |
| Terms of availability | 395.00 राष्ट्रपति-2 |
| International Standard Book Number | 9788189068363 |
| 035 ## - SYSTEM CONTROL NUMBER | |
| System control number | HN-51397 |
| 035 ## - SYSTEM CONTROL NUMBER | |
| System control number | B-694128 |
| 037 ## - SOURCE OF ACQUISITION | |
| Source of stock number/acquisition | D.B.Act / pub |
| 037 ## - SOURCE OF ACQUISITION | |
| Source of stock number/acquisition | किताबघर |
| 082 ## - DEWEY DECIMAL CLASSIFICATION NUMBER | |
| Classification number | 220.2 |
| 100 ## - MAIN ENTRY--PERSONAL NAME | |
| Personal name | वेदावाचस्पति, प्रियव्रत |
| 245 ## - TITLE STATEMENT | |
| Title | समाज का कायाकल्प / |
| Statement of responsibility, etc | विद्यामार्तंड प्रियव्रत वेदावाचस्पति |
| 246 ## - VARYING FORM OF TITLE | |
| Title proper/short title | Samaj ka kayakalp |
| Remainder of title | by Priyavrat Vedavachspati |
| 260 ## - PUBLICATION, DISTRIBUTION, ETC. (IMPRINT) | |
| Place of publication, distribution, etc | नई दिल्ली |
| Name of publisher, distributor, etc | किरण प्रकाशन |
| Date of publication, distribution, etc | 2012 |
| 270 ## - ADDRESS | |
| Address | दूसरी मंजिल,बी-109,प्रीत विहार |
| Postal code | 110092 |
| 300 ## - PHYSICAL DESCRIPTION | |
| Extent | 199पृ |
| -- | 219पृ राष्ट्रपति-2 |
| Dimensions | 22 सेमी (सजिल्द) |
| 500 ## - GENERAL NOTE | |
| General note | राष्ट्ररति-2 |
| 942 ## - ADDED ENTRY ELEMENTS (KOHA) | |
| Institution code [OBSOLETE] | dpl |
| Item type | Hindi Books |
| Call number prefix | 220.2 / वेदावा |
| Source of classification or shelving scheme | Dewey Decimal Classification |
| Classification part | 220.2 |
| Call number suffix | वेदावा |
| Withdrawn status | Lost status | Not for loan | Collection code | Home library | Current library | Date acquired | Cost, normal purchase price | Full call number | Barcode | Copy number | Cost, replacement price | Koha item type | Source of acquisition | Public note |
|---|---|---|---|---|---|---|---|---|---|---|---|---|---|---|
| Not For Loan | Non-fiction | D.B.Act.Division | D.B.Act.Division | 04/09/2008 | 195.00 | 220.2 वेदावा | HN-51397 | 1 | 195.00 | Hindi Books | ||||
| Non-fiction | Mobile Library | Mobile Library | 01/06/2018 | 395.00 | 220.2 वेदावा | B-694128 | 1 | 395.00 | Hindi Books | किताबघर BL-25609/30.5.18/459/30.5.18/31.5.18 | राष्ट्रपति भवन-2 |
